000 01011nam a2200265Ia 4500
003 OSt
005 20220930094739.0
006 a|||||r|||| 00| 0
007 ta
008 220926b |||||||| |||| 00| 0 hin d
024 _a10401
037 _cTheses
040 _aCRL
_cCRL
_bhin
041 _2hin
_ahin
100 _aमंजु रानी, ले.
110 _aदिल्ली विश्वविद्यालय. कला संकाय. हिन्दी विभाग
245 0 _aरीतिकालिन रीतिकाव्य में राजप्रशस्ति
246 _aRītikālin rītikāvya mean rājaprashasti
260 _c2012
300 _a344पृ0
_ap.
_ccm.
650 _aहिन्दी साहित्य
700 _aदिल्ली विश्वविद्यालय. कला संकाय. हिन्दी विभाग
942 _cDIS
_2CC
999 _c887603
_d887603